|
|
|
|
| LEADER |
00000cas a2200000 c 4500 |
| 001 |
13009269X |
| 003 |
DE-627 |
| 005 |
20260207121150.0 |
| 007 |
tu |
| 008 |
931116c19669999gw z| m| 0 |0ger c |
| 016 |
7 |
|
|a 012609862
|2 DE-101
|
| 016 |
7 |
|
|a 500662-4
|2 DE-600
|
| 022 |
|
|
|a 0582-0588
|
| 035 |
|
|
|a (DE-627)13009269X
|
| 035 |
|
|
|a (DE-576)015625648
|
| 035 |
|
|
|a (DE-599)ZDB500662-4
|
| 035 |
|
|
|a (OCoLC)310964614
|
| 040 |
|
|
|a DE-627
|b ger
|c DE-627
|e rakwb
|
| 041 |
|
|
|a ger
|
| 044 |
|
|
|c XA-DE
|
| 082 |
0 |
4 |
|a 300
|q DE-101
|
| 082 |
0 |
4 |
|a 300
|a 330
|q DE-600
|
| 245 |
0 |
0 |
|a Schriften zur Wirtschafts- und Sozialgeschichte
|b SWS
|
| 246 |
3 |
3 |
|a SWS
|
| 264 |
3 |
1 |
|a Berlin
|b Duncker & Humblot
|c 1966-
|
| 336 |
|
|
|a Text
|b txt
|2 rdacontent
|
| 337 |
|
|
|a ohne Hilfsmittel zu benutzen
|b n
|2 rdamedia
|
| 338 |
|
|
|a Band
|b nc
|2 rdacarrier
|
| 362 |
0 |
|
|a 1.1966 -
|
| 363 |
0 |
1 |
|a 1
|i 1966
|
| 655 |
|
7 |
|a Monografische Reihe
|0 (DE-588)4179998-7
|0 (DE-627)104628669
|0 (DE-576)209995106
|2 gnd-content
|
| 889 |
|
|
|w (DE-603)001462318
|
| 935 |
|
|
|a BGTS
|a SAXB
|
| 935 |
|
|
|i sdedup20220824
|
| 936 |
s |
n |
|a m200
|2 mzub
|
| 951 |
|
|
|a ST
|
| ELC |
|
|
|b 1
|
| LOK |
|
|
|0 000 xxxxxcx a22 zn 4500
|
| LOK |
|
|
|0 001 2481285077
|
| LOK |
|
|
|0 003 DE-627
|
| LOK |
|
|
|0 004 13009269X
|
| LOK |
|
|
|0 005 20010918000000
|
| LOK |
|
|
|0 008 870623||||||||||||||||ger|||||||
|
| LOK |
|
|
|0 040
|a DE-21
|c DE-627
|d DE-21
|
| LOK |
|
|
|0 852
|a DE-21
|
| LOK |
|
|
|0 852 1
|9 00
|
| LOK |
|
|
|0 939
|a 23-06-87
|b l01
|
| LOK |
|
|
|0 000 xxxxxcx a22 zn 4500
|
| LOK |
|
|
|0 001 2481285085
|
| LOK |
|
|
|0 003 DE-627
|
| LOK |
|
|
|0 004 13009269X
|
| LOK |
|
|
|0 005 20040211000000
|
| LOK |
|
|
|0 008 040211||||||||||||||||ger|||||||
|
| LOK |
|
|
|0 040
|a DE-21-24
|c DE-627
|d DE-21-24
|
| LOK |
|
|
|0 852
|a DE-21-24
|
| LOK |
|
|
|0 852 1
|m p
|9 00
|
| LOK |
|
|
|0 938
|k p
|
| LOK |
|
|
|0 939
|a 11-02-04
|b l01
|
| LOK |
|
|
|0 000 xxxxxcx a22 zn 4500
|
| LOK |
|
|
|0 001 2481285093
|
| LOK |
|
|
|0 003 DE-627
|
| LOK |
|
|
|0 004 13009269X
|
| LOK |
|
|
|0 005 20010920000000
|
| LOK |
|
|
|0 008 901206||||||||||||||||ger|||||||
|
| LOK |
|
|
|0 040
|a DE-21-19
|c DE-627
|d DE-21-19
|
| LOK |
|
|
|0 852
|a DE-21-19
|
| LOK |
|
|
|0 852 1
|m p
|9 00
|
| LOK |
|
|
|0 938
|k p
|
| LOK |
|
|
|0 939
|a 06-12-90
|b l01
|
| LOK |
|
|
|0 000 xxxxxcx a22 zn 4500
|
| LOK |
|
|
|0 001 2636270531
|
| LOK |
|
|
|0 003 DE-627
|
| LOK |
|
|
|0 004 13009269X
|
| LOK |
|
|
|0 005 20100520110311
|
| LOK |
|
|
|0 008 100520||||||||||||||||ger|||||||
|
| LOK |
|
|
|0 040
|a DE-21-106
|c DE-627
|d DE-21-106
|
| LOK |
|
|
|0 852
|a DE-21-106
|
| LOK |
|
|
|0 852 1
|m p
|9 00
|
| LOK |
|
|
|0 935
|a k106
|a i106
|
| LOK |
|
|
|0 938
|k p
|
| LOK |
|
|
|0 939
|a 20-05-10
|b l01
|
| LOK |
|
|
|0 000 xxxxxcx a22 zn 4500
|
| LOK |
|
|
|0 001 2660957452
|
| LOK |
|
|
|0 003 DE-627
|
| LOK |
|
|
|0 004 13009269X
|
| LOK |
|
|
|0 005 20110120092530
|
| LOK |
|
|
|0 008 110120||||||||||||||||ger|||||||
|
| LOK |
|
|
|0 040
|a DE-21-52
|c DE-627
|d DE-21-52
|
| LOK |
|
|
|0 852
|a DE-21-52
|
| LOK |
|
|
|0 852 1
|m p
|9 00
|
| LOK |
|
|
|0 938
|k p
|
| LOK |
|
|
|0 939
|a 20-01-11
|b l01
|
| LOK |
|
|
|0 000 xxxxxcx a22 zn 4500
|
| LOK |
|
|
|0 001 2763862012
|
| LOK |
|
|
|0 003 DE-627
|
| LOK |
|
|
|0 004 13009269X
|
| LOK |
|
|
|0 005 20130722164718
|
| LOK |
|
|
|0 008 130722||||||||||||||||ger|||||||
|
| LOK |
|
|
|0 040
|a DE-21-32c
|c DE-627
|d DE-21-32c
|
| LOK |
|
|
|0 852
|a DE-21-32c
|
| LOK |
|
|
|0 852 1
|m p
|9 00
|
| LOK |
|
|
|0 935
|a k32c
|a i32c
|
| LOK |
|
|
|0 938
|k p
|
| LOK |
|
|
|0 939
|a 22-07-13
|b l01
|
| LOK |
|
|
|0 000 xxxxxcx a22 zn 4500
|
| LOK |
|
|
|0 001 2765263914
|
| LOK |
|
|
|0 003 DE-627
|
| LOK |
|
|
|0 004 13009269X
|
| LOK |
|
|
|0 005 20130809085504
|
| LOK |
|
|
|0 008 130809||||||||||||||||ger|||||||
|
| LOK |
|
|
|0 040
|a DE-21-64
|c DE-627
|d DE-21-64
|
| LOK |
|
|
|0 852
|a DE-21-64
|
| LOK |
|
|
|0 852 1
|m p
|9 00
|
| LOK |
|
|
|0 935
|a k064
|a i064
|
| LOK |
|
|
|0 938
|k p
|
| LOK |
|
|
|0 939
|a 09-08-13
|b l01
|
| LOK |
|
|
|0 000 xxxxxcx a22 zn 4500
|
| LOK |
|
|
|0 001 4487525896
|
| LOK |
|
|
|0 003 DE-627
|
| LOK |
|
|
|0 004 13009269X
|
| LOK |
|
|
|0 005 20240219162922
|
| LOK |
|
|
|0 008 240219||||||||||||||||ger|||||||
|
| LOK |
|
|
|0 040
|a DE-21-85
|c DE-627
|d DE-21-85
|
| LOK |
|
|
|0 852
|a DE-21-85
|
| LOK |
|
|
|0 852 1
|m p
|9 00
|
| LOK |
|
|
|0 935
|a isda
|
| LOK |
|
|
|0 938
|k p
|
| LOK |
|
|
|0 939
|a 19-02-24
|b l01
|
| LOK |
|
|
|0 000 xxxxxcx a22 zn 4500
|
| LOK |
|
|
|0 001 2481285883
|
| LOK |
|
|
|0 003 DE-627
|
| LOK |
|
|
|0 004 13009269X
|
| LOK |
|
|
|0 005 19950510000000
|
| LOK |
|
|
|0 008 950510||||||||||||||||ger|||||||
|
| LOK |
|
|
|0 040
|a DE-Frei85
|c DE-627
|d DE-Frei85
|
| LOK |
|
|
|0 852
|a DE-Frei85
|
| LOK |
|
|
|0 852 1
|m p
|9 00
|
| LOK |
|
|
|0 938
|k p
|
| LOK |
|
|
|0 939
|a 10-05-95
|b l01
|
| ORI |
|
|
|a WA-MARC-krimdokb001.raw
|
| SPR |
|
|
|a 1
|t KRI
|